Google Vorschläge für Kim... - Statistiken

Allgemein
  • Dieses Quiz wurde 185 mal gespielt
  • Das Durchschnittsergebnis liegt bei 3 aus 10
Antwortstatistiken
Hint Antwort % Korrekt
Kim Jong Un
76%
Kim Jong Un Zug
76%
Kim Kardashian
74%
Kim Possible
68%
Kim Min Jae
15%
Kim Basinger
10%
Kim Petras
9%
Kim Virginia
4%
Kim Cattrall
2%
Kim Fisher
2%
Keine übereinstimmenden Quizze gefunden
Verteilung der Resultate
Anzahl Personen mit jedem Resultat
Perzentil nach korrekt beantworteten Fragen
Ihre Resultats-Entwicklung
Sie haben dieses Quiz noch nicht gespielt